000 01107nam a2200337Ia 4500
003 OSt
005 20220912144929.0
006 a|||||r|||| 00| 0
007 ta
008 220909b |||||||| |||| 00| 0 eng d
020 _a1402001622 (hbd)
024 _a77777
037 _b1873, 28/03/2007, Unilib Book Distributors
037 _cTextbook
040 _aCSL
_beng
_cCSL
041 _aeng
082 _aI22:(G:F)p1, P1 TI
100 _aChen Feng Ed.
111 _aPROCEEDINGS ON ALGAE AND THEIR BIOTECHNOLOGICAL POTENTIAL (4 : 3-6 -2000 : Hong Kong)
245 0 _aAsia-Pacific Conference on Algal Biotechnology
260 _aDordrecht
_bKluwer Academic Publishers
_c2001
300 _aix,306p.
_ccm.
500 _aIncludes bibliographical references; Index 303-306p
650 _a Algae
650 _a Biotechnollogical potential
650 _a Proceedings
650 _aBotany
700 _a Jiang Yue Ed.
942 _hI22:(G:F)p1, P1 TI
_cTB
_2CC
999 _c19300
_d19300